[Event "FRA-chT Top 12 2019"]
[Site "Brest"]
[Date "2019.05.26"]
[Round "9.6"]
[White "Vitoux, Colomban"]
[Black "Bressac, Stephane"]
[Result "1/2-1/2"]
[WhiteElo "2384"]
[BlackElo "2358"]
[Annotator "NA"]
[PlyCount "108"]
[EventDate "2019.05.18"]
[EventType "team-tourn"]
[EventCountry "FRA"]
[SourceTitle "playchess.com"]
[Source "ChessBase"]
[SourceQuality "1"]
[TimeControl "40/5400+30:1800+30"]

1. e4 {[%emt 0:00:00]} d6 {[%emt 0:00:00]} 2. d4 {[%emt 0:00:00]} Nf6 {[%emt 0:00:00]} 3. Nc3 {[%emt 0:00:00]} e5 {[%emt 0:00:02]} 4. Nge2 {[%emt 0:00:29]} c6 {[%emt 0:00:16]} 5. a4 {[%emt 0:00:21]} Be7 {[%emt 0:00:41]} 6. g3 {[%emt 0:00:15]} O-O {[%emt 0:00:08]} 7. Bg2 {[%emt 0:00:11]} Nbd7 {[%emt 0:01:43]} 8. O-O {[%emt 0:00:44]} b6 {[%emt 0:00:57]} 9. h3 {[%emt 0:02:32]} h5 {[%emt 0:01:30]} 10. Be3 {[%emt 0:04:33]} a6 {[%emt 0:01:05]} 11. d5 {[%emt 0:12:35]} Bb7 {[%emt 0:01:32]} 12. dxc6 {[%emt 0:05:21]} Bxc6 {[%emt 0:02:36]} 13. Nd5 {[%emt 0:01:33]} Nxd5 {[%emt 0:01:53]} 14. exd5 {[%emt 0:00:36]} Bb7 {[%emt 0:00:06]} 15. f4 {[%emt 0:07:14]} Bf6 {[%emt 0:12:10]} 16. c3 {[%emt 0:05:47]} Re8 {[%emt 0:21:02]} 17. fxe5 {[%emt 0:03:27]} Bxe5 {[%emt 0:02:55]} 18. Nd4 {[%emt 0:03:09]} g6 {[%emt 0:25:34]} 19. Nc6 {[%emt 0:22:50]} Qc7 {[%emt 0:08:24]} 20. Qf3 {[%emt 0:02:01]} Nf6 {[%emt 0:03:14]} 21. Nxe5 {[%emt 0:11:31]} Rxe5 {[%emt 0:00:04]} 22. Bd4 {[%emt 0:00:53]} Rf5 {[%emt 0:00:01]} 23. Qe3 {[%emt 0:09:34]} Nxd5 {[%emt 0:00:36]} 24. Qh6 {[%emt 0:00:26]} Re5 {[%emt 0:00:14]} 25. Rad1 {[%emt 0:03:31]} Rae8 {[%emt 0:00:39]} 26. Bxe5 {[%emt 0:00:42]} dxe5 {[%emt 0:00:54]} 27. Qd2 {[%emt 0:01:41]} e4 {[%emt 0:01:54]} 28. Qg5 {[%emt 0:01:12]} Qc5+ {[%emt 0:05:26]} 29. Rd4 {[%emt 0:00:05]} Nxc3 {[%emt 0:02:29]} 30. Qxc5 {[%emt 0:00:11]} bxc5 {[%emt 0:00:31]} 31. Rd7 {[%emt 0:00:10]} Bc8 {[%emt 0:00:27]} 32. Rdxf7 {[%emt 0:00:39]} Ne2+ {[%emt 0:00:17]} 33. Kh2 {[%emt 0:00:05]} Bf5 {[%emt 0:01:45]} 34. Rc7 {[%emt 0:00:05]} Nd4 {[%emt 0:01:08]} 35. Rxc5 {[%emt 0:01:24]} e3 {[%emt 0:00:01]} 36. Re1 {[%emt 0:01:11]} Nc2 {[%emt 0:01:21]} 37. Rxc2 {[%emt 0:00:56]} Bxc2 {[%emt 0:00:05]} 38. Bc6 {[%emt 0:00:26]} Re5 {[%emt 0:00:45]} 39. Kg2 {[%emt 0:00:22]} Kg7 {[%emt 0:02:58]} 40. Kf3 {[%emt 0:00:42]} e2 {[%emt 0:00:37]} 41. Kf2 {[%emt 0:05:49]} Bd1 {[%emt 0:01:04]} 42. Bf3 {[%emt 0:01:33]} Rf5 {[%emt 0:00:43]} 43. Ke3 {[%emt 0:04:08]} Rg5 {[%emt 0:00:36]} 44. Kf2 {[%emt 0:00:53]} Rf5 {[%emt 0:02:03]} 45. Ke3 {[%emt 0:00:07]} Bxa4 {[%emt 0:01:13]} 46. Bxe2 {[%emt 0:03:07]} Bb5 {[%emt 0:00:25]} 47. Bxb5 {[%emt 0:02:41]} Rxb5 {[%emt 0:00:06]} 48. Re2 {[%emt 0:04:22]} Rb3+ {[%emt 0:00:37]} 49. Kf4 {[%emt 0:01:45]} Rb4+ {[%emt 0:00:03]} 50. Kf3 {[%emt 0:00:11]} g5 {[%emt 0:00:14]} 51. Re7+ {[%emt 0:03:05]} Kf6 {[%emt 0:02:49]} 52. Ra7 {[%emt 0:00:08]} Rb3+ {[%emt 0:07:08]} 53. Ke4 {[%emt 0:00:30]} Rb4+ {[%emt 0:00:12]} 54. Kf3 {[%emt 0:00:05]} Ke5 {Ke4+} 1/2-1/2

[Event "FRA-chT Top 12 2019"]
[Site "Brest"]
[Date "2019.05.26"]
[Round "9.6"]
[White "Charmeteau, Sven"]
[Black "Cornette, Matthieu"]
[Result "0-1"]
[WhiteElo "2292"]
[BlackElo "2553"]
[Annotator "ChessBase"]
[PlyCount "60"]
[EventDate "2019.05.18"]
[EventType "team-tourn"]
[EventCountry "FRA"]
[SourceTitle "playchess.com"]
[Source "ChessBase"]
[SourceQuality "1"]
[TimeControl "40/5400+30:1800+30"]

1. e4 {[%emt 0:00:00]} Nf6 {[%emt 0:00:00]} 2. e5 {[%emt 0:00:00]} Nd5 {[%emt 0:00:00]} 3. d4 {[%emt 0:00:00]} d6 {[%emt 0:00:00]} 4. c4 {[%emt 0:00:40]} Nb6 {[%emt 0:00:05]} 5. exd6 {[%emt 0:00:07]} cxd6 {[%emt 0:00:55]} 6. Nc3 {[%emt 0:00:42]} g6 {[%emt 0:00:07]} 7. Be3 {[%emt 0:00:28]} Bg7 {[%emt 0:00:09]} 8. Rc1 {[%emt 0:00:39]} O-O {[%emt 0:00:23]} 9. b3 {[%emt 0:00:28]} Bf5 {[%emt 0:00:43]} 10. Nf3 {[%emt 0:07:02]} d5 {[%emt 0:00:36]} 11. c5 {[%emt 0:13:41]} Nc8 {[%emt 0:00:18]} 12. b4 {[%emt 0:00:44]} a6 {[%emt 0:05:20]} 13. Be2 {[%emt 0:06:24]} Nc6 {[%emt 0:02:02]} 14. a3 {[%emt 0:00:32]} Bg4 {[%emt 0:01:12]} 15. O-O {[%emt 0:01:43]} e6 {[%emt 0:05:56]} 16. Ne1 {[%emt 0:07:16]} Bxe2 {[%emt 0:01:03]} 17. Nxe2 {[%emt 0:00:11]} N8e7 {[%emt 0:01:06]} 18. Nc2 {[%emt 0:01:32]} Nf5 {[%emt 0:03:40]} 19. Qd3 {[%emt 0:02:34]} Qh4 {[%emt 0:11:16]} 20. Rb1 {[%emt 0:05:39]} Rfd8 {[%emt 0:04:44]} 21. Rfd1 {[%emt 0:01:00]} e5 {[%emt 0:05:30]} 22. Ne1 {[%emt 0:18:44]} Nxe3 {[%emt 0:16:14]} 23. fxe3 {[%emt 0:04:56]} Qh6 {[%emt 0:04:15]} 24. b5 {[%emt 0:03:36]} axb5 {[%emt 0:03:53]} 25. Rxb5 {[%emt 0:00:03]} Re8 {[%emt 0:06:46]} 26. Nc2 {[%emt 0:04:35]} exd4 {[%emt 0:00:15]} 27. exd4 {[%emt 0:00:20]} Re4 {[%emt 0:01:52]} 28. Rxb7 {[%emt 0:05:36]} Rae8 {[%emt 0:00:23]} 29. Ng3 {[%emt 0:00:41]} Bxd4+ {[%emt 0:01:03]} 30. Kh1 {[%emt 0:00:09]} Qxh2+ {[%emt 0:00:10]} 0-1

[Event "FRA-chT Top 12 2019"]
[Site "Brest"]
[Date "2019.05.26"]
[Round "9.6"]
[White "Iglesias, Joachim"]
[Black "Delorme, Axel"]
[Result "0-1"]
[WhiteElo "2276"]
[BlackElo "2489"]
[Annotator "ChessBase"]
[PlyCount "62"]
[EventDate "2019.05.18"]
[EventType "team-tourn"]
[EventCountry "FRA"]
[SourceTitle "playchess.com"]
[Source "ChessBase"]
[SourceQuality "1"]
[TimeControl "40/5400+30:1800+30"]

1. Nf3 {[%emt 0:00:00]} d5 {[%emt 0:00:00]} 2. c4 d4 {[%emt 0:00:00]} 3. b4 {[%emt 0:00:52]} Bg4 {[%emt 0:00:00]} 4. Qb3 {[%emt 0:01:55]} c6 {[%emt 0:01:50]} 5. Bb2 {[%emt 0:02:24]} Bxf3 {[%emt 0:02:13]} 6. Qxf3 {[%emt 0:04:18]} e5 {[%emt 0:01:24]} 7. c5 {[%emt 0:02:11]} a5 {[%emt 0:07:59]} 8. a3 {[%emt 0:06:00]} Nf6 {[%emt 0:05:22]} 9. e3 {[%emt 0:00:21]} axb4 {[%emt 0:00:00]} 10. axb4 {[%emt 0:00:30]} Rxa1 {[%emt 0:04:00]} 11. Bxa1 {[%emt 0:00:05]} Qd5 {[%emt 0:00:27]} 12. Qxd5 {[%emt 0:07:29]} Nxd5 {[%emt 0:00:56]} 13. exd4 {[%emt 0:00:25]} Nxb4 {[%emt 0:01:55]} 14. Kd1 {[%emt 0:00:30]} exd4 {[%emt 0:01:52]} 15. Bxd4 {[%emt 0:03:09]} Nd7 {[%emt 0:05:15]} 16. Bc4 {[%emt 0:01:42]} f6 {[%emt 0:05:02]} 17. Re1+ {[%emt 0:03:12]} Kd8 {[%emt 0:00:45]} 18. Be3 {[%emt 0:04:46]} Bxc5 {[%emt 0:08:54]} 19. d4 {[%emt 0:19:22]} Bd6 {[%emt 0:01:13]} 20. Nc3 {[%emt 0:00:54]} Nb6 {[%emt 0:01:52]} 21. Bf7 {[%emt 0:00:10]} N4d5 {[%emt 0:06:13]} 22. Ne4 {[%emt 0:01:32]} Kc7 {[%emt 0:11:03]} 23. Nxd6 {[%emt 0:03:44]} Kxd6 {[%emt 0:00:08]} 24. Kc2 {[%emt 0:03:23]} Rf8 {[%emt 0:08:11]} 25. Bh5 {[%emt 0:00:57]} Nxe3+ {[%emt 0:03:22]} 26. fxe3 {[%emt 0:02:11]} Nc4 {[%emt 0:00:35]} 27. e4 {[%emt 0:05:19]} Ra8 {[%emt 0:07:19]} 28. Bf7 {[%emt 0:10:12]} Na3+ {[%emt 0:03:21]} 29. Kb2 {[%emt 0:02:43]} Nb5 {[%emt 0:00:23]} 30. d5 {[%emt 0:03:00]} c5 {[%emt 0:00:43]} 31. Re3 {[%emt 0:00:13]} c4 {[%emt 0:05:06]} 0-1

[Event "FRA-chT Top 12 2019"]
[Site "Brest"]
[Date "2019.05.26"]
[Round "9.7"]
[White "Smith, Axel"]
[Black "Demuth, Adrien"]
[Result "1/2-1/2"]
[WhiteElo "2481"]
[BlackElo "2517"]
[Annotator "ChessBase"]
[PlyCount "92"]
[EventDate "2019.05.18"]
[EventType "team-tourn"]
[EventCountry "FRA"]
[SourceTitle "playchess.com"]
[Source "ChessBase"]
[SourceQuality "1"]
[TimeControl "40/5400+30:1800+30"]

1. Nf3 {[%emt 0:00:00]} Nf6 {[%emt 0:00:00]} 2. c4 {[%emt 0:00:06]} e6 {[%emt 0:00:18]} 3. g3 {[%emt 0:00:08]} d5 {[%emt 0:00:15]} 4. Bg2 {[%emt 0:00:03]} dxc4 {[%emt 0:01:32]} 5. Qa4+ {[%emt 0:00:07]} Nbd7 {[%emt 0:00:44]} 6. Qxc4 {[%emt 0:00:09]} a6 {[%emt 0:00:13]} 7. Qc2 {[%emt 0:00:39]} c5 {[%emt 0:01:41]} 8. Nc3 {[%emt 0:00:59]} Qc7 {[%emt 0:08:11]} 9. d4 {[%emt 0:00:24]} b6 {[%emt 0:05:24]} 10. Bf4 {[%emt 0:01:08]} Bd6 11. Bxd6 {[%emt 0:00:24]} Qxd6 {[%emt 0:03:43]} 12. Nd2 {[%emt 0:24:58]} Rb8 {[%emt 0:09:07]} 13. dxc5 {[%emt 0:01:45]} Qxc5 {[%emt 0:07:21]} 14. O-O {[%emt 0:03:11]} O-O {[%emt 0:00:23]} 15. Rac1 {[%emt 0:03:32]} Qe7 {[%emt 0:12:00]} 16. Rfd1 {[%emt 0:10:09]} Bb7 {[%emt 0:07:05]} 17. Bxb7 {[%emt 0:07:13]} Rxb7 {[%emt 0:00:04]} 18. Nde4 {[%emt 0:00:19]} b5 {[%emt 0:05:05]} 19. Qd3 {[%emt 0:04:09]} Nb6 {[%emt 0:21:27]} 20. Qd6 {[%emt 0:11:34]} Qxd6 {[%emt 0:04:32]} 21. Nxf6+ {[%emt 0:04:44]} gxf6 {[%emt 0:00:03]} 22. Rxd6 {[%emt 0:00:03]} Rc8 {[%emt 0:01:42]} 23. Rcd1 {[%emt 0:01:04]} Kg7 {[%emt 0:01:13]} 24. Rd8 {[%emt 0:11:18]} Rc4 {[%emt 0:01:05]} 25. a3 {[%emt 0:05:07]} b4 {[%emt 0:00:51]} 26. axb4 {[%emt 0:00:09]} Rxb4 {[%emt 0:00:04]} 27. R1d4 {[%emt 0:00:57]} Rxd4 {[%emt 0:02:43]} 28. Rxd4 {[%emt 0:00:01]} Nd7 {[%emt 0:00:45]} 29. Na4 {[%emt 0:04:08]} Ne5 {[%emt 0:00:53]} 30. Kf1 {[%emt 0:00:29]} f5 {[%emt 0:04:00]} 31. Ke1 {[%emt 0:00:57]} Nc6 {[%emt 0:00:47]} 32. Rc4 {[%emt 0:00:54]} Ne5 {[%emt 0:00:11]} 33. Rc5 {[%emt 0:01:08]} Rb4 {[%emt 0:01:01]} 34. Ra5 {[%emt 0:03:22]} Nc4 {[%emt 0:00:22]} 35. Rxa6 {[%emt 0:00:11]} Nxb2 {[%emt 0:00:06]} 36. Nxb2 {[%emt 0:00:19]} Rxb2 {[%emt 0:00:07]} 37. f3 {[%emt 0:00:55]} h6 {[%emt 0:00:35]} 38. Kf2 {[%emt 0:00:20]} Rb3 {[%emt 0:00:11]} 39. h3 {[%emt 0:00:20]} Rb5 {[%emt 0:00:09]} 40. Ra4 {[%emt 0:00:55]} h5 {[%emt 0:00:46]} 41. g4 {[%emt 0:30:33]} hxg4 {[%emt 0:30:06]} 42. hxg4 {[%emt 0:00:02]} fxg4 {[%emt 0:00:06]} 43. Rxg4+ {[%emt 0:00:02]} Kf6 {[%emt 0:00:05]} 44. Rf4+ {[%emt 0:00:05]} Kg7 {[%emt 0:00:01]} 45. Rg4+ {[%emt 0:00:05]} Kf6 {[%emt 0:00:03]} 46. Rf4+ {[%emt 0:00:03]} Ke5 1/2-1/2

[Event "FRA-chT Top 12 2019"]
[Site "Brest"]
[Date "2019.05.26"]
[Round "9.7"]
[White "Loiseau, Quentin"]
[Black "Edouard, Romain"]
[Result "1/2-1/2"]
[WhiteElo "2471"]
[BlackElo "2642"]
[Annotator "ChessBase"]
[PlyCount "88"]
[EventDate "2019.05.18"]
[EventType "team-tourn"]
[EventCountry "FRA"]
[SourceTitle "playchess.com"]
[Source "ChessBase"]
[SourceQuality "1"]
[TimeControl "40/5400+30:1800+30"]

1. e4 {[%emt 0:00:00]} c5 {[%emt 0:00:00]} 2. Nc3 {[%emt 0:00:00]} g6 {[%emt 0:02:10]} 3. d4 {[%emt 0:05:27]} cxd4 {[%emt 0:00:24]} 4. Qxd4 {[%emt 0:00:13]} Nf6 {[%emt 0:00:04]} 5. Be2 {[%emt 0:23:54]} Nc6 {[%emt 0:01:46]} 6. Qd2 {[%emt 0:00:12]} Bg7 {[%emt 0:00:34]} 7. g4 {[%emt 0:09:30]} d6 {[%emt 0:04:38]} 8. g5 {[%emt 0:02:43]} Nd7 {[%emt 0:00:13]} 9. h4 {[%emt 0:08:15]} Nc5 {[%emt 0:07:16]} 10. h5 {[%emt 0:03:54]} O-O {[%emt 0:15:53]} 11. f3 {[%emt 0:04:15]} e6 {[%emt 0:02:37]} 12. b3 {[%emt 0:10:36]} d5 {[%emt 0:07:20]} 13. exd5 {[%emt 0:00:47]} exd5 {[%emt 0:00:03]} 14. Bb2 {[%emt 0:00:37]} Bf5 {[%emt 0:03:17]} 15. O-O-O {[%emt 0:01:28]} d4 {[%emt 0:16:02]} 16. Nb5 {[%emt 0:01:18]} Ne6 {[%emt 0:01:24]} 17. hxg6 {[%emt 0:00:51]} hxg6 {[%emt 0:00:29]} 18. Bc4 {[%emt 0:01:48]} Qxg5 {[%emt 0:02:17]} 19. Qxg5 {[%emt 0:01:08]} Nxg5 {[%emt 0:00:06]} 20. Nxd4 {[%emt 0:04:29]} Nxd4 {[%emt 0:00:07]} 21. Bxd4 {[%emt 0:00:06]} Rfd8 {[%emt 0:05:52]} 22. Be3 {[%emt 0:01:52]} Rxd1+ {[%emt 0:02:05]} 23. Kxd1 {[%emt 0:00:14]} Rd8+ {[%emt 0:00:04]} 24. Kc1 {[%emt 0:00:56]} Bf6 {[%emt 0:00:02]} 25. a4 {[%emt 0:00:40]} a6 {[%emt 0:00:20]} 26. Rh2 {[%emt 0:01:00]} Kg7 {[%emt 0:00:46]} 27. Rg2 {[%emt 0:00:59]} Ne6 {[%emt 0:02:22]} 28. Ne2 {[%emt 0:00:32]} Be5 {[%emt 0:03:04]} 29. Ng3 {[%emt 0:08:28]} Bh3 {[%emt 0:00:12]} 30. Rh2 {[%emt 0:00:19]} Nf4 {[%emt 0:03:13]} 31. Rd2 {[%emt 0:03:24]} Re8 {[%emt 0:00:54]} 32. Bd4 {[%emt 0:02:52]} g5 {[%emt 0:06:32]} 33. Ne4 {[%emt 0:00:15]} f6 {[%emt 0:00:49]} 34. Bxe5 {[%emt 0:01:55]} Rxe5 {[%emt 0:00:01]} 35. Rd6 {[%emt 0:00:07]} b5 {[%emt 0:01:02]} 36. axb5 {[%emt 0:01:57]} axb5 {[%emt 0:00:01]} 37. Bd3 {[%emt 0:00:48]} Nxd3+ {[%emt 0:01:09]} 38. Rxd3 {[%emt 0:00:13]} Bf5 {[%emt 0:09:07]} 39. Rd4 {[%emt 0:00:40]} Bxe4 {[%emt 0:03:22]} 40. fxe4 {[%emt 0:00:02]} Kg6 {[%emt 0:00:37]} 41. Kd2 {[%emt 0:04:16]} Kh5 {[%emt 0:04:28]} 42. c4 {[%emt 0:04:29]} bxc4 {[%emt 0:04:25]} 43. bxc4 {[%emt 0:00:20]} Kg4 {[%emt 0:04:59]} 44. Kd3 {[%emt 0:04:55]} f5 {[%emt 0:08:28]} 1/2-1/2

[Event "FRA-chT Top 12 2019"]
[Site "Brest"]
[Date "2019.05.26"]
[Round "9.7"]
[White "Guichard, Pauline"]
[Black "Adrian, Claude"]
[Result "1/2-1/2"]
[WhiteElo "2430"]
[BlackElo "2238"]
[Annotator "NA"]
[PlyCount "71"]
[EventDate "2019.05.18"]
[EventType "team-tourn"]
[EventCountry "FRA"]
[SourceTitle "playchess.com"]
[Source "ChessBase"]
[SourceQuality "1"]
[TimeControl "40/5400+30:1800+30"]

1. Nf3 {[%emt 0:00:00]} Nf6 {[%emt 0:00:35]} 2. c4 {[%emt 0:00:00]} c5 {[%emt 0:00:06]} 3. Nc3 {[%emt 0:00:00]} e6 {[%emt 0:00:08]} 4. e4 {[%emt 0:00:28]} Nc6 {[%emt 0:00:39]} 5. d4 {[%emt 0:00:18]} cxd4 {[%emt 0:00:09]} 6. Nxd4 {[%emt 0:00:07]} Bb4 {[%emt 0:00:39]} 7. Nxc6 {[%emt 0:00:18]} bxc6 {[%emt 0:00:14]} 8. Bd3 {[%emt 0:00:11]} e5 {[%emt 0:02:45]} 9. O-O {[%emt 0:00:57]} O-O {[%emt 0:03:11]} 10. Qe2 {[%emt 0:00:42]} Qc7 {[%emt 0:05:50]} 11. Bg5 {[%emt 0:06:41]} Be7 {[%emt 0:03:06]} 12. Rac1 {[%emt 0:03:31]} d6 {[%emt 0:01:04]} 13. b4 {[%emt 0:04:02]} Be6 {[%emt 0:03:15]} 14. Na4 {[%emt 0:11:05]} Rae8 {[%emt 0:06:53]} 15. Rfe1 {[%emt 0:12:01]} Nd7 {[%emt 0:02:27]} 16. Bxe7 {[%emt 0:02:21]} Rxe7 {[%emt 0:00:24]} 17. c5 {[%emt 0:00:10]} dxc5 {[%emt 0:02:20]} 18. Nxc5 {[%emt 0:00:42]} Nxc5 {[%emt 0:00:16]} 19. Rxc5 {[%emt 0:00:33]} Rd8 {[%emt 0:00:10]} 20. Bb5 {[%emt 0:12:21]} Qb8 {[%emt 0:04:55]} 21. Rxc6 {[%emt 0:08:18]} Bxa2 {[%emt 0:02:30]} 22. Rc5 {[%emt 0:06:51]} Be6 {[%emt 0:01:40]} 23. Rec1 {[%emt 0:01:59]} a6 {[%emt 0:05:25]} 24. Bxa6 {[%emt 0:07:57]} Qxb4 {[%emt 0:00:17]} 25. h3 {[%emt 0:04:01]} f6 {[%emt 0:03:33]} 26. Rc6 {[%emt 0:01:53]} Bf7 {[%emt 0:02:30]} 27. Qg4 {[%emt 0:02:37]} Qd2 {[%emt 0:03:54]} 28. Bb5 {[%emt 0:02:55]} h5 {[%emt 0:03:48]} 29. Qf3 {[%emt 0:00:33]} Qf4 {[%emt 0:01:45]} 30. Rc8 {[%emt 0:04:41]} Rxc8 {[%emt 0:01:37]} 31. Rxc8+ {[%emt 0:00:04]} Kh7 {[%emt 0:00:26]} 32. Qd3 {[%emt 0:01:30]} h4 {[%emt 0:04:49]} 33. Bd7 {[%emt 0:04:58]} Be6 {[%emt 0:11:15]} 34. Bxe6 {[%emt 0:01:31]} Rxe6 {[%emt 0:00:16]} 35. Qd5 {[%emt 0:00:40]} Re8 {[%emt 0:04:29]} 36. Rxe8 {[%emt 0:00:28]} 1/2-1/2

[Event "FRA-chT Top 12 2019"]
[Site "Brest"]
[Date "2019.05.26"]
[Round "9.7"]
[White "Goldsztejn, Gildas"]
[Black "Jeanne, Mickael"]
[Result "1-0"]
[WhiteElo "2423"]
[BlackElo "2150"]
[Annotator "TA"]
[PlyCount "67"]
[EventDate "2019.05.18"]
[EventType "team-tourn"]
[EventCountry "FRA"]
[SourceTitle "playchess.com"]
[Source "ChessBase"]
[SourceQuality "1"]

{[%evp 14,67,18,10,41,48,50,0,20,8,4,0,26,22,37,37,31,31,38,27,46,50,58,60,77,45,66,16,16,18,121,3,8,16,48,0,43,51,60,37,48,46,56,46,88,93,252,255,267,258,238,195,583,566,533,533]} 1. e4 c5 2. Nf3 d6 3. d4 cxd4 4. Nxd4 Nf6 5. Nc3 a6 6. Be2 e5 7. Nb3 Be6 8. Be3 h5 {B92: Sicilian Najdorf: 6 Be2} (8... Be7 9. h4 h5 10. Nd5 Bxd5 11. exd5 Nbd7 12. c4 g6 13. g3 b6 14. Nd2 a5 15. f4 Qc8 16. O-O Nc5 {1-0 (27) So,W (2776)-Bosiocic,M (2600) Batumi 2018}) 9. Bg5 $146 ({Predecessor:} 9. f3 Nbd7 10. a4 b6 11. O-O Qc7 12. Nd5 Bxd5 13. exd5 Nc5 14. Nc1 Be7 15. b4 Ncd7 16. Nb3 {0-1 (69) Yip,C (2261)-Virkud,A (2213) Saint Louis 2017}) 9... Nbd7 10. Nd5 Bxd5 {The position is equal.} 11. exd5 g6 12. O-O Bg7 13. c4 Qc7 14. Rc1 $36 {[%mdl 2048] White has some pressure.} b6 15. Nd2 O-O 16. b4 Rfe8 17. Be3 a5 18. a3 Qb7 19. Qb3 Bf8 20. f3 axb4 21. axb4 b5 {[#]} (21... Qa6 $11 {keeps the balance.}) 22. Ne4 ({Only move:} 22. c5 $1 $16 {[%cal Rc5c6] Strongly threatening c6.} Qxd5 23. c6 (23. Bxb5 Qxb3 24. Nxb3 Ra3 $16)) 22... bxc4 23. Bxc4 Reb8 24. Rb1 Nxe4 25. fxe4 Be7 26. h3 Bd8 27. Kh1 Bb6 28. Bd2 {Threatens to win with Qf3.} Bd4 29. Qf3 Nb6 $2 {[#]} (29... f6 $16) 30. Qf6 $1 $18 {[%mdl 512] Bh6 would kill now.} Kh7 ({Worse is} 30... Nxc4 31. Bh6 Kh7 32. Qg7#) 31. Be2 ({Less strong is} 31. Qxf7+ Qxf7 32. Rxf7+ Kg8 $16) 31... Ra2 32. Rbd1 ({Avoid the trap} 32. Qxf7+ $2 Qxf7 33. Rxf7+ Kg8 $19) 32... Na4 $2 {[#]} (32... Bc3 {is tougher.}) 33. Bxh5 $1 {[%mdl 512]} Rxd2 (33... gxh5 34. Rf5) 34. Rxd2 {Accuracy: White = 51%, Black = 34%.} 1-0

[Event "FRA-chT Top 12 2019"]
[Site "Brest"]
[Date "2019.05.26"]
[Round "9.7"]
[White "Giroyan, Gary"]
[Black "Koch, Jean-Rene"]
[Result "1/2-1/2"]
[WhiteElo "2409"]
[BlackElo "2465"]
[Annotator "ChessBase"]
[PlyCount "47"]
[EventDate "2019.05.18"]
[EventType "team-tourn"]
[EventCountry "FRA"]
[SourceTitle "playchess.com"]
[Source "ChessBase"]
[SourceQuality "1"]
[TimeControl "40/5400+30:1800+30"]

1. d4 {[%emt 0:00:13]} d5 {[%emt 0:00:00]} 2. c4 {[%emt 0:00:18]} e6 {[%emt 0:00:00]} 3. Nc3 {[%emt 0:00:07]} Bb4 {[%emt 0:00:00]} 4. a3 {[%emt 0:00:06]} Bxc3+ {[%emt 0:00:00]} 5. bxc3 {[%emt 0:00:04]} Ne7 {[%emt 0:00:53]} 6. e3 {[%emt 0:00:21]} c5 {[%emt 0:05:12]} 7. Bd3 {[%emt 0:00:26]} Nbc6 {[%emt 0:02:21]} 8. Nf3 {[%emt 0:02:47]} b6 {[%emt 0:07:17]} 9. O-O {[%emt 0:00:36]} O-O {[%emt 0:05:56]} 10. Qe2 {[%emt 0:03:57]} Ba6 {[%emt 0:14:16]} 11. cxd5 {[%emt 0:13:41]} Bxd3 {[%emt 0:00:20]} 12. Qxd3 {[%emt 0:00:01]} exd5 {[%emt 0:00:26]} 13. dxc5 {[%emt 0:01:58]} bxc5 {[%emt 0:00:35]} 14. c4 {[%emt 0:00:02]} dxc4 {[%emt 0:15:15]} 15. Qxc4 {[%emt 0:00:02]} Qd5 {[%emt 0:05:27]} 16. Qc3 {[%emt 0:02:41]} Rab8 {[%emt 0:04:21]} 17. Bb2 {[%emt 0:09:50]} f6 {[%emt 0:00:13]} 18. Rac1 {[%emt 0:06:37]} Rb3 {[%emt 0:07:19]} 19. Qc2 {[%emt 0:01:45]} Rfb8 {[%emt 0:01:38]} 20. Ba1 {[%emt 0:00:06]} Rxa3 {[%emt 0:05:47]} 21. e4 {[%emt 0:08:08]} Qd3 {[%emt 0:03:28]} 22. Qxd3 {[%emt 0:05:01]} Rxd3 {[%emt 0:00:06]} 23. Rxc5 {[%emt 0:00:02]} Rbd8 {[%emt 0:03:04]} 24. e5 1/2-1/2

[Event "FRA-chT Top 12 2019"]
[Site "Brest"]
[Date "2019.05.26"]
[Round "9.7"]
[White "Colin, Vincent"]
[Black "Dornbusch, Tatiana"]
[Result "1-0"]
[WhiteElo "2383"]
[BlackElo "2285"]
[Annotator "NA"]
[PlyCount "59"]
[EventDate "2019.05.18"]
[EventType "team-tourn"]
[EventCountry "FRA"]
[SourceTitle "playchess.com"]
[Source "ChessBase"]
[SourceQuality "1"]
[TimeControl "40/5400+30:1800+30"]

1. d4 {[%emt 0:00:00]} Nf6 {[%emt 0:00:06]} 2. Nf3 {[%emt 0:00:00]} c5 {[%emt 0:01:20]} 3. d5 {[%emt 0:00:36]} b5 {[%emt 0:08:00]} 4. Bg5 {[%emt 0:00:39]} Qb6 {[%emt 0:00:26]} 5. Nc3 {[%emt 0:00:16]} b4 {[%emt 0:07:44]} 6. Na4 {[%emt 0:00:36]} Qa5 {[%emt 0:02:20]} 7. Bxf6 {[%emt 0:01:18]} exf6 {[%emt 0:03:29]} 8. b3 {[%emt 0:01:20]} Bd6 {[%emt 0:03:58]} 9. e4 {[%emt 0:12:57]} O-O {[%emt 0:06:37]} 10. Bd3 {[%emt 0:04:11]} Re8 {[%emt 0:15:38]} 11. O-O {[%emt 0:01:07]} Ba6 {[%emt 0:02:39]} 12. a3 {[%emt 0:07:33]} bxa3 {[%emt 0:11:09]} 13. c4 {[%emt 0:02:10]} Qb4 {[%emt 0:01:50]} 14. Ne1 {[%emt 0:05:01]} Bc8 {[%emt 0:11:22]} 15. f4 {[%emt 0:01:48]} Na6 {[%emt 0:00:28]} 16. e5 {[%emt 0:02:06]} Bf8 {[%emt 0:07:21]} 17. exf6 {[%emt 0:04:05]} d6 {[%emt 0:00:26]} 18. Nc2 {[%emt 0:04:35]} Qxb3 {[%emt 0:00:24]} 19. Rxa3 {[%emt 0:00:09]} Qb7 {[%emt 0:00:28]} 20. Bxh7+ {[%emt 0:01:50]} Kxh7 {[%emt 0:00:28]} 21. Qh5+ {[%emt 0:00:10]} Kg8 {[%emt 0:00:05]} 22. f5 {[%emt 0:00:12]} Bxf5 {[%emt 0:05:31]} 23. Qxf5 {[%emt 0:04:14]} Re5 {[%emt 0:02:08]} 24. Qh3 {[%emt 0:03:44]} Nb4 {[%emt 0:05:53]} 25. Ne3 {[%emt 0:03:04]} g6 {[%emt 0:01:44]} 26. Nf5 {[%emt 0:04:23]} Qc8 {[%emt 0:00:02]} 27. Rg3 {[%emt 0:00:47]} Rb8 {[%emt 0:01:01]} 28. Rxg6+ {[%emt 0:00:14]} fxg6 {[%emt 0:00:06]} 29. f7+ {[%emt 0:00:07]} Kxf7 {[%emt 0:00:19]} 30. Nxd6+ {[%emt 0:00:38]} 1-0

[Event "FRA-chT Top 12 2019"]
[Site "Brest"]
[Date "2019.05.26"]
[Round "9.8"]
[White "Sebag, Marie"]
[Black "Riff, Vincent"]
[Result "1/2-1/2"]
[WhiteElo "2476"]
[BlackElo "2399"]
[Annotator "ChessBase"]
[PlyCount "22"]
[EventDate "2019.05.18"]
[EventType "team-tourn"]
[EventCountry "FRA"]
[SourceTitle "playchess.com"]
[Source "ChessBase"]
[SourceQuality "1"]
[TimeControl "40/5400+30:1800+30"]

1. e4 {[%emt 0:00:00]} c5 {[%emt 0:00:00]} 2. Nf3 {[%emt 0:00:00]} Nf6 {[%emt 0:00:00]} 3. e5 {[%emt 0:15:40]} Nd5 {[%emt 0:00:00]} 4. c3 {[%emt 0:00:27]} Nc6 {[%emt 0:00:00]} 5. d4 {[%emt 0:01:12]} cxd4 {[%emt 0:00:03]} 6. cxd4 {[%emt 0:00:07]} d6 {[%emt 0:00:04]} 7. Bc4 {[%emt 0:01:35]} dxe5 {[%emt 0:00:16]} 8. dxe5 {[%emt 0:14:18]} Be6 {[%emt 0:00:05]} 9. O-O {[%emt 0:07:46]} g6 {[%emt 0:00:05]} 10. Ng5 {[%emt 0:09:56]} Bg7 {[%emt 0:00:05]} 11. Nxe6 {[%emt 0:09:50]} fxe6 {[%emt 0:00:05]} 1/2-1/2